| 000 | 00550 a2200169 4500 | ||
|---|---|---|---|
| 999 |
_c4625 _d4625 |
||
| 010 | _aENG-86479 | ||
| 020 |
_a9788131302002 _c100.00 |
||
| 035 | _aEN-70012 | ||
| 037 | _bDBAD / PUB | ||
| 082 | 1 | 4 | _a230.3 |
| 100 | _aMisra, Dwarika Mohan | ||
| 245 | 1 |
_aVisions of spiritualism / _cby Dwarika Mohan Misra |
|
| 260 |
_aNew Delhi _bA P H Publishing _c2007 |
||
| 270 |
_a5, Ansari Road, Darya Ganj, _bNew Delhi _cNew Delhi _e110 002 _k23274050 _maphbooks@vsnl.net |
||
| 300 |
_aviii, 179p. _c21cm (Pbk) |
||
| 942 |
_adpl _cEN _2ddc _h230.3 _mMIS |
||